01508agaaa2200289 45000010005000000030009000050050017000140070009000310080040000400400023000800410013001031000051001161300013001672450163001802500022003432600103003653000034004685080189005025110084006915200171007755380016009465460013009626500056009757000059010317000063010907000065011531387IT-RoPAU20220918181241.0d cvaizq50131s9999||||xx ||| | || ||und|| aIT-RoPAUcIT-RoPAU aITALIANO aRossellini RobertogCodice regista SPICS: 1870 aANNO UNO aANNO UNOcSceneggiatura: Rossellini Roberto Mariani Marcella Scaffa Luciano -- Diretto da: Rossellini RobertopANNO UNO (Rif. Codice opera principale : 71387) aEdizione Standard aMILANO (ITALIA)bRUSCONI / Distribuzione: RAI TREg"1974 (1° ed.: 1988 ; Ed. Lingua Orig.: 1974)" aVHSbsonoro, col.c120 minuti a"Fotografia: Montuori Mario; Montaggio: Benvenuti Jolanda; Musica: Nascimbene Mario; Sceneggiatura: Rossellini Roberto Mariani Marcella Scaffa Luciano; Scenografia: Mangano Giuseppe; " a"Vannucchi Luigi; Dominique-Darel; Rita-Calderoni; Valeria-Sabel; Gianni-Rizzo" aIN QUESTO FILM VENGONO TRATTATI ED ESAMINATI GLI AVVENIMENTI LEGATI ALLA FIGURA POLITICA DI ALCIDE DE GASPERI DALLA FINE DELLA GUERRA AL 1954 FILM BIOGRAFICO A COLORI aPAL, STEREO aITALIANO aBIOGRAFICOeFILMS [VHS]xCodice MATERIA SPICS: 9960 aNascimbene Marioe(musica)gCodice Musica SPICS: 11469 aRossellini Roberto e(regista)gCodice regista SPICS: 1870 aRossellini Roberto e(soggetto)gCodice Soggetto SPICS: 1870